| 000 | 00991nam a22002537a 4500 | ||
|---|---|---|---|
| 005 | 20200104041736.0 | ||
| 008 | 160129b2014 ck ado fr|||| 00| 0 spa d | ||
| 020 | _a9789588554372 | ||
| 040 |
_aCO-BoIAVH _cCO-BoIAVH |
||
| 041 | 0 | _aspa | |
| 044 | _ack | ||
| 082 | 0 | 4 |
_a599.312 _bS95m |
| 100 | 1 | _aSuperina,Mariella | |
| 245 | 0 | 0 |
_aManual de mantenimiento y rehabilitación de armadillos / _cpor Mariella Superina [y otros 4]. |
| 260 |
_aBogotá (Colombia) : _bFundación Omacha : _bODL : _bCormacarena : _bCorporinoquia : _bCorpometa : _bBioparque los Ocarros : _c2014. |
||
| 300 |
_a96 páginas : _bilustraciones, tablas, fotografías a color ; _c21 x 19 cm. |
||
| 650 | 6 |
_aArmadillo _xConservación _vManuales |
|
| 650 | 6 |
_aArmadillo _xRehabilitación _vManuales |
|
| 650 | 6 |
_aArmadillo _xCiranza protegida _vManuales |
|
| 700 | 1 | _aBrieva R., Claudia | |
| 700 | 1 | _aAguilar, Roberto F. | |
| 700 | 1 | _aTrujillo, Fernando | |
| 942 |
_2ddc _cLIBRO |
||
| 999 |
_c18047 _d18047 |
||